000
00300nam a2200133 a 4500
001
5435
003
CDMR
005
20130116135308.0
008
130130s1997||||||||||||||||||||||||||||d
040
_a
CDMR
_b
cat
_c
CPC GIRONA
245
0
_a
Poesia Noranta
_c
Varis
260
_c
1997
_b
Oikos-Poesia
942
_c
MON
999
_c
5435
_d
5435